[Event "DRUZYNOWE MISTRZOSTWA POLSKI JUNIOROW - II LIGA"]
[Site "Szczyrk, CKiR Orle Gniazdo ul. Wrzosowa 28a"]
[Date "2014-07-26"]
[Round "1.24"]
[White "Trusz, Julia"]
[Black "Jurkiewicz, Zuzanna"]
[Result "1-0"]
[WhiteTitle "I"]
[BlackTitle "I"]
[WhiteElo "1508"]
[BlackElo "1442"]

1. e4 c5 2. Nf3 e6 3. d4 cxd4 4. Nxd4 a6 5. a4 d6 6. Be2 Nf6 7. Nc3 Be7 8. Be3
O-O 9. f4 Nbd7 10. Nb3 Qc7 11. O-O b6 12. Bf3 Bb7 13. Qe2 Rfd8 14. g4 h6 15. g5
hxg5 16. fxg5 Nh7 17. g6 fxg6 18. Bg4 Nhf8 19. Qf2 Bf6 20. Rad1 Nc5 21. Nxc5 bxc5
22. Qg2 Qe7 23. Bd2 Bc6 24. b3 Rab8 25. Ne2 Qb7 26. Bf3 e5 27. Nc3 Qe7 28. Be3
Rb4 29. Na2 Rbb8 30. Nc3 Rb4 31. Bd2 Rbb8 32. Be1 Rb7 33. Nd5 Bxd5 34. Rxd5 Ne6
35. Ba5 Nf4 36. Bxd8 Qxd8 37. Qd2 Nxd5 38. Qxd5+ Rf7 39. Be2 Kf8 40. Bc4 Qe7 41.
Qxf7+ Qxf7 42. Bxf7 Kxf7 43. Kf2 Ke7 44. Ke2 Kd7 45. Kd3 a5 46. Kc4 Kc6 47. Rf3
g5 48. Rh3 Bd8 49. Rh8 Bf6 50. Ra8 g4 51. Rxa5 Bg5 52. Ra6+ Kc7 53. Ra7+ Kc6 54.
Rxg7 1-0

[Event "DRUZYNOWE MISTRZOSTWA POLSKI JUNIOROW - II LIGA"]
[Site "Szczyrk, CKiR Orle Gniazdo ul. Wrzosowa 28a"]
[Date "2014-07-26"]
[Round "1.25"]
[White "Kyc, Jerzy"]
[Black "Drabek, Jan"]
[Result "1-0"]
[WhiteTitle "I++"]
[BlackTitle "I"]
[WhiteElo "2096"]
[BlackElo "1632"]

1. e4 c5 2. Nf3 d6 3. d4 cxd4 4. Nxd4 Nf6 5. Nc3 g6 6. Be3 Bg7 7. f3 O-O 8. Qd2
Nc6 9. O-O-O Bd7 10. g4 Ne5 11. h4 h5 12. gxh5 Nxh5 13. Rg1 Rc8 14. Kb1 Nc4 15.
Bxc4 Rxc4 16. Nce2 a5 17. b3 Rc8 18. Ng3 Nxg3 19. Rxg3 e5 20. Nf5 Bxf5 21. exf5
Qxh4 22. Rg4 Qh5 23. fxg6 fxg6 24. Rdg1 Rf6 25. Qd5+ Kf8 26. Bg5 Rf7 27. Qxd6+
Kg8 28. Qe6 Rcc7 29. Qe8+ Rf8 30. Qe6+ Rff7 31. Qd5 Qh2 32. Qd8+ Bf8 33. R4g2
Qh5 34. Bc1 Rg7 35. Qd5+ Rcf7 36. Qxa5 Rxf3 37. Rg5 Qh2 38. Qd5+ Rff7 39. Bb2
Qf2 40. Bxe5 Be7 41. Bxg7 Bxg5 42. Bd4 Qf5 43. Rxg5 1-0

[Event "DRUZYNOWE MISTRZOSTWA POLSKI JUNIOROW - II LIGA"]
[Site "Szczyrk, CKiR Orle Gniazdo ul. Wrzosowa 28a"]
[Date "2014-07-26"]
[Round "1.26"]
[White "Mrozowski, Patryk"]
[Black "Krzeminski, Sebastian"]
[Result "1/2-1/2"]
[WhiteTitle "I"]
[BlackTitle "II+"]
[WhiteElo "1795"]
[BlackElo "1704"]

1. e4 c6 2. d4 d5 3. e5 Bf5 4. Bd3 Bxd3 5. Qxd3 e6 6. Nf3 Nd7 7. O-O Rc8 8. c3
c5 9. b3 cxd4 10. cxd4 Bb4 11. Bd2 Qb6 12. Nc3 Bxc3 13. Bxc3 Ne7 14. Rac1 O-O
15. Rc2 Rc6 16. Rfc1 Ng6 17. h4 Rfc8 18. Bd2 h6 19. h5 Ne7 20. g4 Rxc2 21. Rxc2
Rxc2 22. Qxc2 Qc6 23. Ne1 f6 24. exf6 Qxc2 25. Nxc2 Nxf6 26. f3 Nc6 27. Kf2 Kf7
28. Ke3 Nd7 29. Bc3 b5 30. Nb4 Nxb4 31. Bxb4 Nb8 32. Bc5 Nc6 33. Bd6 Kf6 34. Bf8
Kf7 35. Bd6 Kf6 36. Kf4 Kf7 37. Ke3 Kf6 38. f4 Kf7 39. Bc5 Kf6 40. Bd6 Kf7 41.
Kd3 Kf6 42. Be5+ Kf7 43. Bd6 Kf6 44. a3 Kf7 45. Be5 Nxe5+ 46. dxe5 g6 47. Kd4
gxh5 48. gxh5 a6 49. Ke3 Ke7 50. Kf3 Kd7 51. b4 Ke7 52. Kg4 Kf7 53. Kf3 Ke7 54.
Ke3 Kd7 55. Kd3 Ke7 56. Kd4 Kd7 57. Kc5 Ke7 58. Kd4 Kd7 59. Kc3 Ke7 60. Kb3 Kd7
1/2-1/2

[Event "DRUZYNOWE MISTRZOSTWA POLSKI JUNIOROW - II LIGA"]
[Site "Szczyrk, CKiR Orle Gniazdo ul. Wrzosowa 28a"]
[Date "2014-07-26"]
[Round "1.27"]
[White "Urbanski, Wojciech"]
[Black "Chodorowski, Adrian"]
[Result "1-0"]
[WhiteTitle "II"]
[BlackTitle "II"]
[WhiteElo "1512"]
[BlackElo "1363"]

1. e4 c5 2. Nf3 Nc6 3. d4 cxd4 4. Nxd4 Nf6 5. Nc3 g6 6. Be3 Bg7 7. f3 O-O 8. Qd2
d6 9. O-O-O Nxd4 10. Bxd4 Be6 11. Kb1 Qa5 12. Nd5 Qa4 13. b3 Qc6 14. Nxe7+ Kh8
15. Nxc6 1-0

[Event "DRUZYNOWE MISTRZOSTWA POLSKI JUNIOROW - II LIGA"]
[Site "Szczyrk, CKiR Orle Gniazdo ul. Wrzosowa 28a"]
[Date "2014-07-26"]
[Round "1.28"]
[White "Jaszczuk, Mateusz"]
[Black "Wilk, Radoslaw"]
[Result "0-1"]
[WhiteTitle "II"]
[BlackTitle "II"]
[WhiteElo "1426"]
[BlackElo "1430"]

1. c4 c6 2. Nc3 d5 3. cxd5 cxd5 4. d4 Nf6 5. Nf3 e6 6. e3 Nc6 7. a3 Be7 8. Bd3
b6 9. Bd2 Bb7 10. Rc1 a6 11. Ra1 Rc8 12. b4 b5 13. Qb3 Qd6 14. Rc1 O-O 15. h3
Rfe8 16. O-O e5 17. Bb1 exd4 18. exd4 Bd8 19. Rfe1 Bb6 20. Be3 h6 21. Qb2 Ne4
22. Ne2 f5 23. Bf4 Qf6 24. Be5 Nxe5 25. Nxe5 Bxd4 26. Qxd4 Rxc1 27. Rxc1 Qxe5
28. Qxe5 Rxe5 29. Rc7 Nd6 30. Kf1 Re8 31. Ba2 Rc8 32. Rxc8+ Nxc8 33. Nf4 Ne7 34.
Ke2 Kf7 35. Kd3 g5 36. Ne2 Ke6 37. g3 Ke5 38. Ke3 Ng6 39. f4+ gxf4+ 40. gxf4+
Nxf4 41. Nxf4 d4+ 42. Kd3 Be4+ 43. Ke2 Kxf4 44. Be6 d3+ 45. Kd2 Kg3 46. Bc8 f4
47. Bxa6 Bc6 48. Kxd3 f3 49. Bc8 f2 50. Ke2 Kg2 51. Ke1 0-1

[Event "DRUZYNOWE MISTRZOSTWA POLSKI JUNIOROW - II LIGA"]
[Site "Szczyrk, CKiR Orle Gniazdo ul. Wrzosowa 28a"]
[Date "2014-07-26"]
[Round "1.29"]
[White "Gaudyn, Renata"]
[Black "Krzysztynska, Anna"]
[Result "1-0"]
[WhiteTitle "I"]
[BlackTitle "I"]
[WhiteElo "1597"]
[BlackElo "1411"]

1. e4 e5 2. Nf3 Nc6 3. Bc4 d6 4. d4 exd4 5. Nxd4 Nf6 6. Nc3 Ne5 7. Bb3 c5 8. Nde2
Be7 9. a3 O-O 10. Ng3 a6 11. Qe2 b5 12. Bd5 Rb8 13. b4 c4 14. O-O Be6 15. Rd1
h6 16. Bxe6 fxe6 17. h3 Qc7 18. Kh1 Rbd8 19. f4 Nc6 20. f5 e5 21. Be3 Kh8 22.
Nd5 Nxd5 23. exd5 Nb8 24. Qh5 Bf6 25. Ne4 Qf7 26. Qxf7 Rxf7 27. a4 Be7 28. g4
Nd7 29. axb5 axb5 30. Ra7 Rff8 31. Rb7 Rfe8 32. Rxb5 Nf6 33. Nxf6 Bxf6 34. Kg2
e4 35. Kf2 Rb8 36. Rxb8 Rxb8 37. Rb1 Bc3 38. b5 Kg8 39. b6 Kf7 40. b7 Ke7 41.
Ba7 Bd4+ 42. Bxd4 Kd7 43. Ba7 Kc7 44. Bxb8+ Kxb8 45. Ke3 1-0

[Event "DRUZYNOWE MISTRZOSTWA POLSKI JUNIOROW - II LIGA"]
[Site "Szczyrk, CKiR Orle Gniazdo ul. Wrzosowa 28a"]
[Date "2014-07-26"]
[Round "1.30"]
[White "Winter, Anna"]
[Black "Waszczuk, Patrycja"]
[Result "0-1"]
[WhiteTitle "II+"]
[BlackTitle "I"]
[WhiteElo "1340"]
[BlackElo "1519"]

1. e4 c5 2. Nf3 e6 3. d4 cxd4 4. Nxd4 a6 5. Nc3 b5 6. Bd3 Bb7 7. O-O Qc7 8. a3
Nf6 9. Bg5 Be7 10. Re1 d6 11. Qe2 O-O 12. Kh1 Nbd7 13. f4 Nc5 14. Rac1 h6 15.
Bxf6 Bxf6 16. Qf2 Rac8 17. h3 Rfd8 18. Red1 Nxd3 19. cxd3 Qb6 20. Nce2 e5 21.
fxe5 dxe5 22. Rxc8 Rxc8 23. Rc1 Rxc1+ 24. Nxc1 Qxd4 25. Qxd4 exd4 26. Ne2 Be5
27. Kg1 Kf8 28. Kf2 Ke7 29. Ke1 Kd6 30. Kd1 a5 31. Kc2 Kc5 32. b3 f5 33. exf5
Bxg2 34. h4 Bf3 35. Ng1 Bg4 36. Kd2 Bf4+ 37. Kc2 Be3 38. a4 bxa4 39. bxa4 Bxg1
0-1

[Event "DRUZYNOWE MISTRZOSTWA POLSKI JUNIOROW - II LIGA"]
[Site "Szczyrk, CKiR Orle Gniazdo ul. Wrzosowa 28a"]
[Date "2014-07-26"]
[Round "1.31"]
[White "Niedbala, Wojciech"]
[Black "Knapik, Andrzej"]
[Result "1/2-1/2"]
[WhiteTitle "I"]
[BlackTitle "I"]
[WhiteElo "1851"]
[BlackElo "1922"]

1. e4 e6 2. d4 d5 3. Nd2 Be7 4. Bd3 Nf6 5. Qe2 dxe4 6. Nxe4 Qxd4 7. Nf3 Qd8 8.
O-O Nbd7 9. Rd1 c5 10. Bf4 Qb6 11. Nfd2 O-O 12. Nc4 Qc6 13. Nxf6+ Nxf6 14. Ne5
Qb6 15. Nc4 Qc6 16. Ne5 Qb6 17. Nc4 Qc6 18. Ne5 Qb6 1/2-1/2

[Event "DRUZYNOWE MISTRZOSTWA POLSKI JUNIOROW - II LIGA"]
[Site "Szczyrk, CKiR Orle Gniazdo ul. Wrzosowa 28a"]
[Date "2014-07-26"]
[Round "1.32"]
[White "Adamczyk, Pawel"]
[Black "Wojciechowski, Antoni"]
[Result "1-0"]
[WhiteTitle "II+"]
[BlackTitle "II+"]
[WhiteElo "1746"]
[BlackElo "1529"]

1. e4 e6 2. d4 d5 3. Nc3 Nf6 4. Bg5 Be7 5. e5 Nfd7 6. h4 Bxg5 7. hxg5 Qxg5 8. Qd3
g6 9. Nf3 Qe7 10. Be2 Nc6 11. O-O-O Nb6 12. Rh6 Bd7 13. Rdh1 O-O-O 14. Rxh7 Rhg8
15. Qd2 Rdf8 16. Bd3 Nb4 17. a3 Nxd3+ 18. Qxd3 a6 19. Nd2 c5 20. dxc5 Qxc5 21.
f4 Bc6 22. Nb3 Qe7 23. Na5 Qc5 24. b4 Qe7 25. Nxc6 bxc6 26. Qxa6+ Qb7 27. Qxb7+
Kxb7 28. R1h3 g5 29. f5 exf5 30. e6 Ra8 31. Rxf7+ Ka6 32. Rhh7 Rge8 33. a4 Rh8
34. Rxh8 Rxh8 35. e7 Re8 36. b5+ Kb7 37. bxc6+ Kxc6 38. Rf6+ Kc5 39. a5 Nc4 40.
Rxf5 Rxe7 41. Rxd5+ Kb4 42. Nd1 g4 43. Rg5 Ra7 44. Nb2 Rxa5 45. Rxa5 Nxa5 46.
Nd3+ Kc3 47. Nf2 Nc4 48. Nxg4 Kd4 49. Kd1 Ke4 50. Ke2 Kf4 51. Kd3 Nd6 52. Ne3
Kg3 53. c4 Nb7 54. Kd4 Nd8 55. Kd5 Kf2 56. g4 Kxe3 57. g5 Nf7 58. g6 Nh6 59. c5
Ng8 60. Ke6 Kd4 61. c6 1-0

[Event "DRUZYNOWE MISTRZOSTWA POLSKI JUNIOROW - II LIGA"]
[Site "Szczyrk, CKiR Orle Gniazdo ul. Wrzosowa 28a"]
[Date "2014-07-26"]
[Round "1.33"]
[White "Andrzejewska, Maja"]
[Black "Pniaczek, Marek"]
[Result "0-1"]
[WhiteTitle "II"]
[BlackTitle "II+"]
[WhiteElo "1134"]
[BlackElo "1585"]

1. e4 c5 2. Nf3 d6 3. h3 Nc6 4. b3 Nf6 5. Nc3 g6 6. Bb2 Bg7 7. Bb5 Nxe4 8. d4 Nxc3
9. Bxc3 O-O 10. Bxc6 bxc6 11. O-O Ba6 12. Re1 Qc7 13. Qd2 cxd4 14. Nxd4 Rab8 15.
Rab1 Rfe8 16. Ba5 Qd7 17. c4 c5 18. Nf3 Bb7 19. Qd3 Qf5 20. Qxf5 gxf5 21. Nh2
Bd4 22. Bd2 Kh8 23. Rbd1 Rg8 24. g3 Rxg3+ 25. Kf1 Rg2 26. Rxe7 Rxf2+ 27. Ke1 Rxh2
28. Ba5 Rg8 29. Re2 Rg1+ 30. Kd2 Rxd1+ 31. Kxd1 Bf3 32. Bd2 Rxe2 33. Kc1 Rxd2
34. Kxd2 Bg2 35. Ke2 f4 36. a4 f3+ 37. Ke1 f2+ 38. Kd2 f1=Q 39. h4 Bf3 40. Kc2
Qd1# 0-1

[Event "DRUZYNOWE MISTRZOSTWA POLSKI JUNIOROW - II LIGA"]
[Site "Szczyrk, CKiR Orle Gniazdo ul. Wrzosowa 28a"]
[Date "2014-07-26"]
[Round "1.34"]
[White "Kucharska, Honorata"]
[Black "Poltorak, Sebastian"]
[Result "1/2-1/2"]
[WhiteTitle "I+"]
[BlackTitle "II"]
[WhiteElo "1718"]
[BlackElo "1455"]

1. d4 d5 2. Nf3 Nf6 3. e3 g6 4. Bd3 Bg7 5. O-O O-O 6. b3 b6 7. Bb2 e6 8. Nbd2 Bb7
9. c4 Nbd7 10. Rc1 Rc8 11. Qe2 c5 12. Rfd1 Rc7 13. Bb1 Ba6 14. Qe1 Qe7 15. Ne5
Nxe5 16. dxe5 Nd7 17. Nf3 Bb7 18. Qe2 Ba6 19. Qd2 Bb7 20. cxd5 exd5 21. Qc3 Re8
22. Bd3 Nxe5 23. Nxe5 Qxe5 24. Qxe5 Bxe5 25. Ba3 a6 26. Be2 Rd8 27. f4 Bf6 28.
Bf3 Bg7 29. Rd3 f5 30. Kf2 Rcd7 31. Rcd1 h5 32. h3 h4 33. g4 hxg3+ 34. Kxg3 Bc6
35. h4 Bf6 36. R3d2 c4 37. bxc4 dxc4 38. Rxd7 Rxd7 39. Rxd7 Bxd7 40. Bd5+ Kg7
41. Bxc4 a5 42. Bd6 Bd8 43. Be5+ Kh6 44. Bd5 Be7 45. Bd4 b5 46. Be5 a4 47. Bd4
b4 48. Be5 a3 49. Bb3 Bc6 50. Bd4 Bb5 51. Be5 Be2 52. Kf2 Bb5 53. Kg3 Kh7 54.
Bd4 Bf8 55. Be5 Bg7 56. Bd6 Bc3 57. Kf3 Bd3 58. Bc5 Kg7 59. Bd4+ Kf8 60. Kf2 Ke7
61. Bxc3 bxc3 62. Ke1 Kf8 63. Kd1 Kg7 64. Bc2 Bc4 65. Bb1 Bd5 66. Kc2 Be4+ 67.
Kc1 Bd5 68. Kc2 1/2-1/2

[Event "DRUZYNOWE MISTRZOSTWA POLSKI JUNIOROW - II LIGA"]
[Site "Szczyrk, CKiR Orle Gniazdo ul. Wrzosowa 28a"]
[Date "2014-07-26"]
[Round "1.35"]
[White "Jarmuzek, Karolina"]
[Black "Kasperek, Kinga"]
[Result "1-0"]
[WhiteTitle "I+"]
[BlackTitle "I"]
[WhiteElo "1742"]
[BlackElo "1559"]

1. e4 c5 2. Nf3 Nc6 3. d4 cxd4 4. Nxd4 g6 5. c4 Bg7 6. Be3 Nf6 7. Nc3 O-O 8. Be2
d6 9. O-O Bd7 10. Qd2 Qa5 11. f3 Rac8 12. Rab1 Ne5 13. b3 a6 14. Rfc1 Bc6 15.
b4 Qd8 16. b5 axb5 17. cxb5 Bd7 18. Nd5 Nxd5 19. exd5 Bf5 20. Rxc8 Qxc8 21. Rc1
Qb8 22. a4 Rc8 23. Nxf5 gxf5 24. a5 Nd7 25. Rxc8+ Qxc8 26. a6 Nc5 27. a7 b6 28.
Qa2 Qa8 29. Qa3 f4 30. Bf2 Kf8 31. Kf1 Be5 32. Bxc5 dxc5 33. Qa6 Bc7 34. Bd3 h6
35. Be4 Bd6 36. Qxb6 f5 37. Bc2 Kf7 38. Qa6 Qxd5 39. a8=Q Qc4+ 40. Kg1 1-0

[Event "DRUZYNOWE MISTRZOSTWA POLSKI JUNIOROW - II LIGA"]
[Site "Szczyrk, CKiR Orle Gniazdo ul. Wrzosowa 28a"]
[Date "2014-07-26"]
[Round "1.37"]
[White "Snihur, Piotr"]
[Black "Ruttar, Lukasz"]
[Result "1-0"]
[WhiteTitle "k"]
[BlackTitle "II"]
[WhiteElo "2147"]
[BlackElo "1507"]

1. e4 e5 2. Nf3 Nc6 3. Bb5 a6 4. Ba4 Nf6 5. d4 Nxe4 6. Qe2 d5 7. Nxe5 b5 8. Nxc6
Qd6 9. Bb3 Qxc6 10. f3 Bf5 11. fxe4 dxe4 12. O-O Bg6 13. Nc3 O-O-O 14. Bxf7 Bb4
15. Bxg6 Qxg6 16. a4 1-0

[Event "DRUZYNOWE MISTRZOSTWA POLSKI JUNIOROW - II LIGA"]
[Site "Szczyrk, CKiR Orle Gniazdo ul. Wrzosowa 28a"]
[Date "2014-07-26"]
[Round "1.38"]
[White "Zarnowski, Krzysztof"]
[Black "Matlewski, Adam"]
[Result "1-0"]
[WhiteTitle "I+"]
[BlackTitle "I"]
[WhiteElo "1906"]
[BlackElo "1685"]

1. e4 c6 2. d4 d5 3. Nc3 dxe4 4. Nxe4 Bf5 5. Ng3 Bg6 6. h4 h6 7. Nf3 Nd7 8. h5
Bh7 9. Bd3 Bxd3 10. Qxd3 Qc7 11. Bd2 e6 12. O-O-O O-O-O 13. Ne4 Ngf6 14. g3 Nxe4
15. Qxe4 Nf6 16. Qe2 Bd6 17. c4 b6 18. Bc3 Rhe8 19. Kb1 Qe7 20. Ne5 Bxe5 21. dxe5
Rxd1+ 22. Rxd1 Nd7 23. Rd6 Kc7 24. Qe4 Nb8 25. f4 Rd8 26. b4 Kc8 27. Qd4 Rd7 28.
Kc2 Rc7 29. Qe4 b5 30. Bd4 Na6 31. a3 Nb8 32. Bc5 Qe8 33. Rd3 Rd7 34. Bd6 a6 35.
cxb5 axb5 36. Rc3 Qd8 37. Rxc6+ Nxc6 38. Qxc6+ Rc7 39. Qxc7+ Qxc7+ 40. Bxc7 Kxc7
41. Kb3 f6 42. a4 fxe5 43. fxe5 Kc6 44. axb5+ Kd5 45. b6 Kc6 46. Kc4 1-0

[Event "DRUZYNOWE MISTRZOSTWA POLSKI JUNIOROW - II LIGA"]
[Site "Szczyrk, CKiR Orle Gniazdo ul. Wrzosowa 28a"]
[Date "2014-07-26"]
[Round "1.39"]
[White "Leskiewicz, Ignacy"]
[Black "Swider, Pawel"]
[Result "1-0"]
[WhiteTitle "I"]
[BlackTitle "II"]
[WhiteElo "1683"]
[BlackElo "1400"]

1. e4 c6 2. d4 d5 3. exd5 cxd5 4. Bd3 Nf6 5. c3 Nc6 6. Bf4 Bg4 7. Qb3 Qd7 8. Nd2
e6 9. Ngf3 Bxf3 10. Nxf3 Bd6 11. Bg3 O-O 12. O-O a6 13. Rae1 Bxg3 14. hxg3 Qc7
15. Qd1 Rac8 16. g4 Rfe8 17. Ne5 Nxe5 18. dxe5 Nd7 19. f4 Nc5 20. Bb1 Qb6 21.
Rf2 Rc7 22. Qf3 Rd7 23. f5 Ne4 24. Bxe4 dxe4 25. Rxe4 Rd2 26. Ree2 Rxe2 27. Qxe2
exf5 28. gxf5 Qc5 29. e6 fxe6 30. fxe6 Qb6 31. e7 Qc5 32. Qe6+ Kh8 33. b4 Rxe7
34. bxc5 Rxe6 35. Rf8# 1-0

[Event "DRUZYNOWE MISTRZOSTWA POLSKI JUNIOROW - II LIGA"]
[Site "Szczyrk, CKiR Orle Gniazdo ul. Wrzosowa 28a"]
[Date "2014-07-26"]
[Round "1.40"]
[White "Krezolek, Mateusz"]
[Black "Krol, Marcin"]
[Result "0-1"]
[WhiteTitle "III"]
[BlackTitle "II+"]
[WhiteElo "1113"]
[BlackElo "1595"]

1. e4 c5 2. Nf3 Nc6 3. d4 cxd4 4. Nxd4 Nf6 5. Nc3 e5 6. Nb3 Bb4 7. Qf3 d5 8. exd5
Nxd5 9. Bc4 Be6 10. Bd2 Nce7 11. Bb5+ Bd7 12. Bc4 Bc6 13. Qg3 Ng6 14. O-O O-O
15. a3 Bxc3 16. Bxc3 Nxc3 17. Qxc3 Rc8 18. Rad1 Qg5 19. g3 Nf4 0-1

[Event "DRUZYNOWE MISTRZOSTWA POLSKI JUNIOROW - II LIGA"]
[Site "Szczyrk, CKiR Orle Gniazdo ul. Wrzosowa 28a"]
[Date "2014-07-26"]
[Round "1.41"]
[White "Momot, Weronika"]
[Black "Ziemba, Magdalena"]
[Result "1-0"]
[WhiteTitle "I"]
[BlackTitle "I"]
[WhiteElo "1479"]
[BlackElo "1589"]

1. c4 e6 2. g3 Nf6 3. Bg2 d5 4. Nf3 Bd6 5. O-O O-O 6. d3 c6 7. Nc3 Nbd7 8. b3 Qe7
9. Bb2 e5 10. cxd5 Nxd5 11. Nxd5 cxd5 12. Qd2 b6 13. Nh4 Nf6 14. e4 dxe4 15. dxe4
Rd8 16. Nf5 Bxf5 17. exf5 Rac8 18. Qe2 Nd7 19. Rfe1 Bb4 20. Rec1 Rxc1+ 21. Rxc1
Qf6 22. Qc2 Nc5 23. Bf1 g6 24. a3 Bd2 25. Rd1 Bh6 26. Rxd8+ Qxd8 27. fxg6 hxg6
28. Bxe5 Qd5 29. Bb2 Bg7 30. Bxg7 Kxg7 31. Bc4 Qd4 32. Kg2 Ne4 33. a4 Nd6 34.
Qd3 Qf6 35. Bd5 Nf5 36. Qf3 Qg5 37. Qc3+ Qf6 38. Qxf6+ Kxf6 39. f4 Ne3+ 40. Kf3
Nxd5 41. g4 g5 42. fxg5+ Kxg5 43. Kg3 Ne7 44. h4+ Kg6 45. Kf4 f6 46. Ke4 Nc6 47.
Kd5 Nb4+ 48. Kc4 Nc6 49. Kd5 Na5 50. b4 Nb3 51. Kc4 Nd2+ 52. Kb5 Ne4 53. Ka6 Nf2
54. Kxa7 Nxg4 55. Kxb6 f5 56. a5 f4 57. a6 f3 58. a7 f2 59. a8=Q f1=Q 60. Qe8+
Kh6 61. Qh8+ Kg6 62. Qe8+ Kh6 63. Qh8+ Kg6 64. Qg8+ Kh5 65. Qg5# 1-0

[Event "DRUZYNOWE MISTRZOSTWA POLSKI JUNIOROW - II LIGA"]
[Site "Szczyrk, CKiR Orle Gniazdo ul. Wrzosowa 28a"]
[Date "2014-07-26"]
[Round "1.42"]
[White "Pedrak, Paulina"]
[Black "Waligora, Julia"]
[Result "1-0"]
[WhiteTitle "I"]
[BlackTitle "II+"]
[WhiteElo "1395"]
[BlackElo "1271"]

1. e4 e6 2. d4 d5 3. exd5 exd5 4. Nf3 Nc6 5. Bd3 Bd6 6. c3 Bg4 7. Be3 Qd7 8. Nbd2
Nge7 9. O-O O-O-O 10. b4 f6 11. Qa4 Ng6 12. b5 Nb8 13. Qxa7 Nf4 14. Bxf4 Bxf4
15. a4 Qd6 16. a5 b6 17. a6 Kd7 18. Qb7 Nxa6 19. bxa6 Rb8 20. Bb5+ Ke7 21. Qc6
Bd7 22. Rfe1+ Kd8 23. a7 Rc8 24. Qxd6 Bxd6 25. Ba6 Ra8 26. Bb7 Rxa7 27. Rxa7 Bb5
28. Ra8+ Kd7 29. Rxh8 h6 30. Ree8 Bf4 31. Reg8 Ke6 32. Rxg7 c5 33. dxc5 bxc5 34.
Nb3 Kd6 35. Rd8+ Ke6 36. Nxc5+ Kf5 37. Nd4+ Ke5 38. Re7# 1-0

[Event "DRUZYNOWE MISTRZOSTWA POLSKI JUNIOROW - II LIGA"]
[Site "Szczyrk, CKiR Orle Gniazdo ul. Wrzosowa 28a"]
[Date "2014-07-26"]
[Round "1.43"]
[White "Szczecina, Kamil"]
[Black "Madej, Roman"]
[Result "1-0"]
[WhiteTitle "I"]
[BlackTitle "I"]
[WhiteElo "1889"]
[BlackElo "1756"]

1. Nf3 c6 2. g3 d5 3. Bg2 g6 4. O-O Bg7 5. d3 Nf6 6. Nbd2 O-O 7. e4 dxe4 8. dxe4
Bg4 9. h3 Bxf3 10. Qxf3 Nbd7 11. Rd1 Ne5 12. Qe2 Qb6 13. Nb3 a6 14. a4 Rfd8 15.
Be3 Qb4 16. f4 Qc4 17. Qf2 Nd3 18. Rxd3 Rxd3 19. Bf1 Rad8 20. Bxd3 Rxd3 21. cxd3
Qxb3 22. Qd2 Ne8 23. Ra3 Qe6 24. Kh2 Nd6 25. Bf2 h5 26. Qb4 Bh6 27. e5 Nf5 28.
Qe4 Bf8 29. Qc4 Qd7 30. Rb3 e6 31. g4 hxg4 32. hxg4 Nh6 33. Kg3 b5 34. axb5 cxb5
35. Qd4 Qb7 36. Qe4 Qd7 37. Rc3 b4 38. Rc6 a5 39. b3 Kg7 40. Qc4 Be7 41. Bb6 a4
42. Rc7 Qd8 43. bxa4 Bh4+ 44. Kh3 Qa8 45. Qc6 Qa6 46. Kxh4 Qxd3 47. Qxe6 Nf5+
48. gxf5 g5+ 49. fxg5 Qe4+ 50. Kg3 Qd3+ 51. Kf4 Qd2+ 52. Ke4 Qe2+ 53. Kd4 Qd2+
54. Kc5 1-0

[Event "DRUZYNOWE MISTRZOSTWA POLSKI JUNIOROW - II LIGA"]
[Site "Szczyrk, CKiR Orle Gniazdo ul. Wrzosowa 28a"]
[Date "2014-07-26"]
[Round "1.44"]
[White "Golenia, Jan"]
[Black "Stemplewski, Kamil"]
[Result "1/2-1/2"]
[WhiteTitle "II+"]
[BlackTitle "II"]
[WhiteElo "1624"]
[BlackElo "1535"]

1. d4 d5 2. Nf3 Nf6 3. g3 e6 4. Bg2 Bd6 5. O-O O-O 6. c3 Nbd7 7. Bg5 h6 8. Bxf6
Nxf6 9. Nbd2 b6 10. Qc2 Bb7 11. e3 Qe7 12. Rfe1 c5 13. Ne5 Bxe5 14. dxe5 Nd7 15.
f4 c4 16. Nxc4 dxc4 17. Bxb7 Rab8 18. Bg2 Nc5 19. Bf1 b5 20. b4 Na4 21. Rad1 Rfd8
22. Rd4 Rxd4 23. exd4 Qc7 24. Re3 a5 25. a3 axb4 26. axb4 Qa7 27. Re1 Nb6 28.
Bg2 Qa3 29. Rc1 Rc8 30. Be4 Nd5 31. Bxd5 exd5 32. f5 Qb3 33. e6 Re8 34. exf7+
Kxf7 35. Qxb3 cxb3 36. Rb1 Re2 37. Rxb3 Kf6 38. g4 Kg5 39. Ra3 Kxg4 40. Ra7 Kf3
41. h4 Re1+ 42. Kh2 Re2+ 43. Kg1 Re1+ 44. Kh2 Re2+ 45. Kg1 Re1+ 1/2-1/2

[Event "DRUZYNOWE MISTRZOSTWA POLSKI JUNIOROW - II LIGA"]
[Site "Szczyrk, CKiR Orle Gniazdo ul. Wrzosowa 28a"]
[Date "2014-07-26"]
[Round "1.47"]
[White "Kotula, Magdalena"]
[Black "Tracz, Marcelina"]
[Result "0-1"]
[WhiteTitle "I+"]
[BlackTitle "I++"]
[WhiteElo "1613"]
[BlackElo "1760"]

1. e4 e5 2. Nf3 Nc6 3. Bb5 a6 4. Ba4 Nf6 5. d4 exd4 6. O-O Be7 7. Re1 b5 8. Bb3
O-O 9. e5 Ne8 10. Bf4 Na5 11. Bd5 c6 12. Be4 d5 13. exd6 Nxd6 14. Bd3 Nac4 15.
b3 Nb2 16. Qc1 Nxd3 17. cxd3 Bb7 18. Nxd4 Bf6 19. Be5 Bxe5 20. Rxe5 Qf6 21. Qc5
Rfe8 22. Re3 Nf5 23. Nc2 Nxe3 24. fxe3 Re5 25. Qb6 Rf5 26. Nd2 Qe7 27. Ne4 Rd8
28. Nd4 Rfd5 29. Re1 c5 30. Nf3 f5 31. Nf2 R5d6 32. Qxc5 Bxf3 33. Qxf5 Rf8 34.
Qh3 Rg6 35. g3 Qb4 36. Rc1 Qd2 37. Rc7 Qxe3 0-1

[Event "DRUZYNOWE MISTRZOSTWA POLSKI JUNIOROW - II LIGA"]
[Site "Szczyrk, CKiR Orle Gniazdo ul. Wrzosowa 28a"]
[Date "2014-07-26"]
[Round "1.48"]
[White "Debowska, Michalina"]
[Black "Gredka, Dominika"]
[Result "1-0"]
[WhiteTitle "II"]
[BlackTitle "I"]
[WhiteElo "1453"]
[BlackElo "1491"]

1. e4 Nf6 2. Nc3 e5 3. Nf3 Nc6 4. Bc4 Be7 5. d3 O-O 6. O-O d6 7. h3 Bd7 8. Be3
h6 9. Re1 Re8 10. Ne2 Bf8 11. c3 Ne7 12. Qb3 Be6 13. Bxe6 fxe6 14. Qxe6+ Kh8 15.
Qb3 b6 16. Ng3 Ng6 17. Nf5 Qd7 18. N3h4 Nxh4 19. Nxh4 Kh7 20. Qc2 Qf7 21. Qe2
Be7 22. Nf5 Bd8 23. f3 Qg6 24. Qf2 Nh5 25. Kh1 Bf6 26. Rad1 Rad8 27. Rg1 Rd7 28.
g3 Red8 29. f4 d5 30. g4 Nxf4 31. Bxf4 exf4 32. Qxf4 Bg5 33. Qf3 dxe4 34. dxe4
Rxd1 35. Rxd1 Rxd1+ 36. Qxd1 Qe6 37. Qd5 Qe8 38. e5 1-0

[Event "DRUZYNOWE MISTRZOSTWA POLSKI JUNIOROW - II LIGA"]
[Site "Szczyrk, CKiR Orle Gniazdo ul. Wrzosowa 28a"]
[Date "2014-07-26"]
[Round "1.49"]
[White "Korpalska, Joanna"]
[Black "Nun, Grzegorz"]
[Result "1/2-1/2"]
[WhiteTitle "I++"]
[BlackTitle "I"]
[WhiteElo "1695"]
[BlackElo "1907"]

1. e4 c5 2. Nf3 d6 3. d4 cxd4 4. Nxd4 Nf6 5. Nc3 a6 6. f3 e5 7. Nb3 Be6 8. Be3
Be7 9. Qd2 O-O 10. O-O-O b5 11. g4 Nbd7 12. h4 Nb6 13. Na5 Qc7 14. h5 b4 15. Ne2
Bxa2 16. Qxb4 Rab8 17. Qc3 Nc4 18. Nxc4 Bxc4 19. Ng3 Rfc8 20. Bxc4 Qxc4 21. Qxc4
Rxc4 22. Nf5 Bf8 23. Nxd6 Ra4 24. Kb1 Rab4 25. b3 Ne8 26. Nxe8 Rxe8 27. Rd7 Ra8
28. Rhd1 a5 29. Rd8 Rbb8 30. Rxb8 Rxb8 31. Rd5 a4 32. Ka2 axb3+ 33. cxb3 Ra8+
34. Kb2 Ba3+ 35. Kc2 Rc8+ 36. Kd3 f6 37. Bd2 Bb2 38. b4 Bd4 39. b5 Ra8 40. Bb4
Rc8 41. Ba5 Rc1 42. Bd8 Rc3+ 43. Kd2 Rxf3 44. b6 Rb3 45. Rd6 Kf8 1/2-1/2

[Event "DRUZYNOWE MISTRZOSTWA POLSKI JUNIOROW - II LIGA"]
[Site "Szczyrk, CKiR Orle Gniazdo ul. Wrzosowa 28a"]
[Date "2014-07-26"]
[Round "1.50"]
[White "Czerniawski, Krzysztof"]
[Black "Szczuraszyk, Jaroslaw"]
[Result "1/2-1/2"]
[WhiteTitle "I"]
[BlackTitle "II"]
[WhiteElo "1761"]
[BlackElo "1506"]

1. d4 d5 2. Nf3 e6 3. g3 Nf6 4. Bg2 Bd6 5. O-O O-O 6. c4 c6 7. Nc3 Nbd7 8. Bg5
h6 9. Bxf6 Nxf6 10. Qc2 Re8 11. e4 dxe4 12. Nxe4 Nxe4 13. Qxe4 Bd7 14. Rad1 Qf6
15. Ne5 Rad8 16. f4 Bc7 17. Kh1 Bc8 18. b4 Qf5 19. Qe2 Qf6 20. a4 Qe7 21. Qb2
f6 22. Ng6 Qf7 23. Qc2 Bb6 24. c5 Bc7 25. Nh4 Re7 26. Be4 f5 27. Bg2 Qf6 28. Nf3
Bd7 29. Ne5 Be8 30. Bf3 Bf7 31. Qc4 Ree8 32. b5 cxb5 33. axb5 Qe7 34. Ra1 Bb8
35. Rfd1 g5 36. Nxf7 Qxf7 37. d5 e5 38. fxe5 Rxe5 39. Qd3 Kf8 40. Bg2 Kg7 41.
Qd4 Qf6 42. Rf1 Rd7 43. Rac1 Kg6 44. c6 bxc6 45. bxc6 Rde7 46. Rb1 Bd6 47. Rb7
Qf7 48. Qxa7 Rc7 49. Rxc7 Bxc7 50. Qd4 Qe7 51. Qd3 g4 52. Qa6 Re1 53. Qd3 Rxf1+
54. Bxf1 Qe5 55. Kg2 h5 56. h3 gxh3+ 57. Kxh3 h4 58. Be2 Qxg3+ 59. Qxg3+ hxg3
1/2-1/2